000 00408nam a2200133Ia 4500
005 20260328104254.0
008 260328s9999||||xx |||||||||||||| ||und||
100 _aMitton, Maureen
245 0 _aInterior Design Visual presentation :
_b A Guide to Graphics, models and presentation techniques /
_cMaureen Mitton
260 _bJohn Wiley & Sons
300 _a310 p.
650 _aDISEÑO INTERIOR
942 _cBK
999 _c10352
_d10352